Language Quiz

Random Language or Country Quiz

Spanish Speaking Country Quest Quiz Stats

 Plays Quiz Updated Dec 16, 2013

Challenge
Share
Tweet
Embed
Score 0/19 Timer 05:00
3 Plays Today
% Correct
Spain
93.1%
Chile
90.2%
El Salvador
89.6%
Argentina
89.5%
Colombia
89.5%
Venezuela
89.3%
Ecuador
88.8%
Costa Rica
88.6%
Peru
88.6%
Cuba
88.4%
% Correct
Guatemala
86.3%
Paraguay
85.6%
Panama
85.3%
Honduras
85.3%
Uruguay
84.5%
Bolivia
84%
Nicaragua
83.6%
Dominican Republic
77.5%
Equatorial Guinea
31.1%

You're not logged in!

Compare scores with friends on all Sporcle quizzes.
Join for Free
OR
Log In

You Might Also Like...

Show Comments

Extras

Top Quizzes Today


Score Distribution

Your Account Isn't Verified!

In order to create a playlist on Sporcle, you need to verify the email address you used during registration. Go to your Sporcle Settings to finish the process.

Report this User

Report this user for behavior that violates our Community Guidelines.

Details: